日本の市町村(1920年)人口トップ100 - Statistics

General Stats
  • This quiz has been taken 23 times
  • The average score is 77 of 100
Answer Stats
都道府県 市町村 人口 % Correct
東京府 東京市 2,173,201
100%
大阪府 大阪市 1,252,983
100%
兵庫県 神戸市 608,644
100%
京都府 京都市 591,323
100%
愛知県 名古屋市 429,997
100%
神奈川県 横浜市 422,938
100%
長崎県 長崎市 176,534
100%
広島県 広島市 160,510
100%
北海道 函館区 144,749
100%
広島県 呉市 130,362
100%
石川県 金沢市 129,265
100%
宮城県 仙台市 118,984
100%
鹿児島県 鹿児島市 103,180
100%
北海道 札幌区 102,580
100%
福岡県 福岡市 95,381
100%
岡山県 岡山市 94,585
100%
新潟県 新潟市 92,130
100%
長崎県 佐世保市 87,022
100%
大阪府 堺市 84,999
100%
和歌山県 和歌山市 83,500
100%
静岡県 静岡市 74,093
100%
山口県 下関市 72,300
100%
熊本県 熊本市 70,388
100%
徳島県 徳島市 68,457
100%
愛知県 豊橋市 65,163
100%
静岡県 浜松市 64,749
100%
栃木県 宇都宮市 63,771
100%
岐阜県 岐阜市 62,713
100%
群馬県 前橋市 62,325
100%
富山県 富山市 61,812
100%
北海道 旭川区 61,319
100%
福井県 福井市 56,639
100%
山梨県 甲府市 56,207
100%
愛媛県 松山市 51,250
100%
長野県 松本市 49,999
100%
三重県 津市 47,741
100%
長野県 長野市 37,308
100%
福岡県 小倉市 33,954
100%
北海道 小樽区 108,113
94%
神奈川県 横須賀市 89,879
94%
福岡県 門司市 72,111
94%
北海道 室蘭区 56,082
94%
沖縄県 那覇区 53,882
94%
高知県 高知市 49,329
94%
青森県 青森市 48,941
94%
山形県 山形市 48,399
94%
香川県 高松市 46,550
94%
兵庫県 姫路市 45,750
94%
福岡県 久留米市 43,629
94%
大分県 大分市 43,150
94%
山形県 米沢市 43,007
94%
岩手県 盛岡市 42,403
94%
奈良県 奈良市 40,301
94%
群馬県 高崎市 36,792
94%
東京府 大井町 36,659
94%
秋田県 秋田市 36,281
94%
福島県 福島市 35,762
94%
三重県 四日市市 35,165
94%
福岡県 大牟田市 64,317
89%
新潟県 長岡市 41,627
89%
北海道 釧路区 39,392
89%
茨城県 水戸市 39,363
89%
佐賀県 佐賀市 33,528
89%
千葉県 千葉町 33,179
89%
青森県 弘前市 32,767
89%
福岡県 若松市 49,336
83%
東京府 八王子市 38,955
83%
兵庫県 尼崎市 38,461
83%
福島県 若松市 37,549
83%
富山県 高岡市 36,648
83%
福岡県 八幡市 100,235
78%
愛知県 岡崎市 38,527
78%
島根県 松江市 37,527
78%
兵庫県 明石市 33,107
78%
福岡県 戸畑町 33,824
72%
群馬県 桐生町 37,674
67%
栃木県 足利町 33,637
67%
北海道 夕張町 51,064
61%
山口県 宇部村 38,063
56%
三重県 宇治山田市 39,270
50%
東京府 渋谷町 80,799
44%
東京府 品川町 41,059
44%
東京府 滝野川町 40,689
28%
東京府 王子町 38,368
28%
東京府 南千住町 50,713
22%
長野県 平野村 44,278
22%
大阪府 天王寺村 34,383
22%
東京府 西巣鴨町 51,478
17%
東京府 日暮里町 41,551
17%
東京府 淀橋町 40,453
11%
東京府 亀戸町 38,548
11%
栃木県 足尾町 32,804
11%
大阪府 豊崎町 56,110
6%
大阪府 鷺洲町 40,904
6%
東京府 大崎町 34,837
6%
大阪府 鶴橋町 32,864
6%
大阪府 今宮町 50,080
0%
福岡県 穂波村 37,235
0%
東京府 千駄ヶ谷町 36,374
0%
北海道 沼貝村 32,321
0%
No matching quizzes found
Score Distribution
Percent of People with Each Score
Percentile by Number Answered
Your Score History
You have not taken this quiz